<?xml version="1.0" encoding="UTF-8"?>
<record
    xmlns:xsi="http://www.w3.org/2001/XMLSchema-instance"
    xsi:schemaLocation="http://www.loc.gov/MARC21/slim http://www.loc.gov/standards/marcxml/schema/MARC21slim.xsd"
    xmlns="http://www.loc.gov/MARC21/slim">

  <leader>02204nam a2200301uu 4500</leader>
  <controlfield tag="001">1365867</controlfield>
  <controlfield tag="005">20260508084808.0</controlfield>
  <controlfield tag="008">140404s2003                        eng  </controlfield>
  <datafield tag="020" ind1=" " ind2=" ">
    <subfield code="a">9780807079553</subfield>
  </datafield>
  <datafield tag="035" ind1=" " ind2=" ">
    <subfield code="a">1365867</subfield>
  </datafield>
  <datafield tag="040" ind1=" " ind2=" ">
    <subfield code="c">comduadb</subfield>
  </datafield>
  <datafield tag="041" ind1=" " ind2=" ">
    <subfield code="a">eng</subfield>
  </datafield>
  <datafield tag="082" ind1=" " ind2="4">
    <subfield code="a">320</subfield>
  </datafield>
  <datafield tag="100" ind1="1" ind2="0">
    <subfield code="a">Duggan, Lisa</subfield>
    <subfield code="4">aut</subfield>
    <subfield code="e">aut</subfield>
    <subfield code="9">690962</subfield>
  </datafield>
  <datafield tag="245" ind1="1" ind2="4">
    <subfield code="a">The twilight of equality? : neoliberalism, cultural politics, and the attack on democracy</subfield>
  </datafield>
  <datafield tag="250" ind1=" " ind2=" ">
    <subfield code="a">1. ed.</subfield>
  </datafield>
  <datafield tag="260" ind1=" " ind2=" ">
    <subfield code="a">Boston :</subfield>
    <subfield code="b">Beacon,</subfield>
    <subfield code="c">2003.</subfield>
  </datafield>
  <datafield tag="300" ind1=" " ind2=" ">
    <subfield code="a">111 p&#xE1;ginas</subfield>
  </datafield>
  <datafield tag="520" ind1="3" ind2=" ">
    <subfield code="a">Ahora, todos hemos o&#xED;do hablar de la escandalosa redistribuci&#xF3;n de la riqueza que ha ocurrido durante los &#xFA;ltimos treinta a&#xF1;os, y especialmente durante la &#xFA;ltima d&#xE9;cada. Pero cambios econ&#xF3;micos como este no ocurren en un vac&#xED;o; siempre est&#xE1;n vinculados a la pol&#xED;tica. The Twilight of equality busca estos enlaces a trav&#xE9;s de un an&#xE1;lisis de las pol&#xED;ticas de la d&#xE9;cada de 1990, la d&#xE9;cada cuando el neoliberalismo - politicas de libre mercado - se convirtieron evangelio. Despu&#xE9;s de un brillante examen hist&#xF3;rico sobre c&#xF3;mo se tejen las desigualdades raciales y de g&#xE9;nero en los muy te&#xF3;ricos fundamentos del modelo neoliberal del Estado, Duggan muestra c&#xF3;mo estas desigualdades se establecen hoy. En una serie de estudios de casos pol&#xED;ticos, Duggan revela c&#xF3;mo se han perseguido objetivos neoliberales, lo que demuestra que los argumentos progresistas que separan la pol&#xED;tica de identidad y la pol&#xED;tica econ&#xF3;mica, la pol&#xED;tica cultural y los asuntos de Estado, s&#xF3;lo pueden fallar. En &#xFA;ltima instancia, El crep&#xFA;sculo de Igualdad? no s&#xF3;lo revela c&#xF3;mo las maniobras ret&#xF3;ricas de gran &#xE9;xito del neoliberalismo han funcionado, sino que, m&#xE1;s importante a&#xFA;n, muestra una manera de revitalizar y unificar la pol&#xED;tica progresista en los EE.UU. de hoy.</subfield>
  </datafield>
  <datafield tag="650" ind1=" " ind2=" ">
    <subfield code="a">Pol&#xED;ticas neoliberales</subfield>
    <subfield code="9">75278</subfield>
  </datafield>
  <datafield tag="650" ind1=" " ind2=" ">
    <subfield code="a">Neoliberalismo - Estados Unidos</subfield>
    <subfield code="9">149663</subfield>
  </datafield>
  <datafield tag="650" ind1=" " ind2=" ">
    <subfield code="a">Liberalismo - Estados Unidos</subfield>
    <subfield code="9">197415</subfield>
  </datafield>
  <datafield tag="650" ind1=" " ind2="7">
    <subfield code="a">Democracia</subfield>
    <subfield code="z">Estados Unidos</subfield>
    <subfield code="2">lemb</subfield>
    <subfield code="9">13666</subfield>
  </datafield>
  <datafield tag="650" ind1=" " ind2="7">
    <subfield code="a">Igualdad</subfield>
    <subfield code="z">Estados Unidos</subfield>
    <subfield code="2">lemb</subfield>
    <subfield code="9">83337</subfield>
  </datafield>
  <datafield tag="650" ind1=" " ind2=" ">
    <subfield code="a">Distribuci&#xF3;n de la riqueza</subfield>
    <subfield code="9">120217</subfield>
  </datafield>
  <datafield tag="650" ind1=" " ind2=" ">
    <subfield code="a">Econom&#xED;a y pol&#xED;tica</subfield>
    <subfield code="9">26235</subfield>
  </datafield>
  <datafield tag="942" ind1=" " ind2=" ">
    <subfield code="c">BOOK</subfield>
  </datafield>
  <datafield tag="999" ind1=" " ind2=" ">
    <subfield code="c">676695</subfield>
    <subfield code="d">676695</subfield>
  </datafield>
  <datafield tag="952" ind1=" " ind2=" ">
    <subfield code="0">0</subfield>
    <subfield code="1">0</subfield>
    <subfield code="4">0</subfield>
    <subfield code="7">0</subfield>
    <subfield code="8">GEN</subfield>
    <subfield code="a">BC</subfield>
    <subfield code="b">BC</subfield>
    <subfield code="d">2014-04-04</subfield>
    <subfield code="e">Material adquirido por donaci&#xF3;n</subfield>
    <subfield code="g">28600.00</subfield>
    <subfield code="i">C1201214</subfield>
    <subfield code="l">0</subfield>
    <subfield code="o">320.513 D866</subfield>
    <subfield code="p">0989319</subfield>
    <subfield code="r">2023-05-02 00:00:00</subfield>
    <subfield code="t">1</subfield>
    <subfield code="w">2023-05-02</subfield>
    <subfield code="y">BOOK</subfield>
  </datafield>
</record>
